000
00326nam a2200133Ia 4500
008
100328s9999 xx 000 0 und d
082
_b
36868
100
_a
राजे शैलजा
245
_a
ललाट
260
_b
नवचैतन्य
630
_a
ललाट
730
_a
ललाट
942
_c
BOOK
999
_c
526434
_d
526431